|
|
|
|
| LEADER |
00000nab#a22000007a#4500 |
| 001 |
arbauad004107 |
| 003 |
AR-BaUAD |
| 005 |
20250711110621.0 |
| 008 |
940413|||||||||###||||||b###|0###a|spa|| |
| 040 |
|
|
|a AR-BaUAD
|c AR-BaUAD
|b spa
|
| 245 |
1 |
0 |
|a Centro de Altos Estudios Fundación Bariloche
|
| 300 |
0 |
|
|b fot., plantas, vistas
|
| 500 |
|
|
|a Documentación de obras del estudio
|
| 653 |
|
|
|a ARQUITECTURA EDUCACIONAL
|
| 653 |
|
|
|a BAUDIZZONE-DIAZ-ERBIN-LESTARD-TRAINE-VARAS
|
| 653 |
|
|
|a BAUDIZZONE, MIGUEL
|
| 653 |
|
|
|a DIAZ, ANTONIO
|
| 653 |
|
|
|a ERBIN, JORGE
|
| 653 |
|
|
|a LESTARD, JORGE
|
| 653 |
|
|
|a TRAINE, EITHEL
|
| 653 |
|
|
|a VARAS, ALBERTO
|
| 653 |
|
|
|a SAN CARLOS DE BARILOCHE
|
| 653 |
|
|
|a RIO NEGRO
|
| 653 |
|
|
|a ESCUELAS SUPERIORES
|
| 773 |
0 |
|
|t SUMMA
|g no. 43 [nov. 1971], p. 37-48
|
| 942 |
|
|
|c ARTI
|
| 952 |
|
|
|0 0
|1 0
|4 0
|7 0
|9 49027
|a AR-BAuAD
|b AR-BAuAD
|d 2025-07-11
|l 0
|p AAQA004107
|r 2025-07-11 11:06:21
|w 2025-07-11
|y ARTI
|
| 990 |
|
|
|a AQ197
|b TD
|
| 998 |
|
|
|a AAQ
|b BIBUN76
|
| 999 |
|
|
|c 28700
|d 28700
|